00776cam8a220020500 4500001001200000005001700012008004100029010001600070035001900086035002200105035002200127040000900149245012700158250002700285260003500312504003000347650003000377700015700407004000600564qce0044333020190826090349.0720728s1957 onc eng u a 59020696 a(Sirsi) r16557 a(QCAT)lss00260646 a(UPRA)qce00443330 dUPRA04aThe Book of Canadian poetry :bA critical and historical anthology. Edited with an introduction and notes by A.J.M. Smith. a3rd ed., rev. and enl. aToronto :bW.J. Gage,c[c1957] aBibliography: p. 505-521. 0aCanadian poetry.6S6929.11 aSmith, A. J. M. (Arthur James Marshall), 1902-qSmith, A. J. M. (Arthur James Marshall), 1902-dSmith, A. J. M. (Arthur James Marshall), 1902-6A63031.116557